Statistics for Страны Южной Америки по флагам

Click here to take the quiz!

General Stats

  • This quiz has been taken 116 times
  • The average score is 11 of 12

Answer Stats

Answer% Correct
БРАЗИЛИЯ
99%
уругвай
96%
АРГЕНТИНА
96%
ПАРАГВАЙ
95%
КОЛУМБИЯ
95%
ЧИЛИ
95%
перу
93%
ВЕНЕСУЭЛА
90%
ЭКВАДОР
89%
БОЛИВИЯ
86%
СУРИНАМ
83%
ГАЙАНА
83%

Score Distribution

Percentile by Number Answered

Percent of People with Each Score

Your Score History

You have not taken this quiz